|
|
|
|
| LEADER |
00000nab a2200000u 4500 |
| 001 |
vtls011844360 |
| 003 |
SK-MaSNL |
| 005 |
20260303162113.0 |
| 008 |
190306|2019 xo ||||||| || ||slo| |
| 038 |
|
|
|a KEVKJB
|
| 040 |
|
|
|a KEVKJB
|b slo
|e rda
|
| 041 |
0 |
|
|a slo
|
| 043 |
|
|
|a e-xo---
|
| 044 |
|
|
|a xo
|c SK
|
| 072 |
|
7 |
|a 37
|x Výchova a vzdelávanie
|2 konspekt
|
| 080 |
|
|
|a 37.011.3-051
|2 2011
|
| 100 |
1 |
|
|a Horáková, Jarmila
|4 ivr
|9 354683
|
| 245 |
1 |
0 |
|a Vyštudovala umelú inteligenciu. Je z nej Učiteľka roku 2018
|b Zuzana Tkáčová: Sú aj efektívnejšie hodnotenia ako známky
|c Jarmila Horáková, Zuzana Tkáčová
|
| 300 |
|
|
|b Fotografie
|
| 336 |
|
|
|a text
|b txt
|2 rdacontent
|
| 337 |
|
|
|a bez média
|b n
|2 rdamedia
|
| 338 |
|
|
|a zväzok
|b nc
|2 rdacarrier
|
| 600 |
1 |
7 |
|a Tkáčová, Zuzana,
|d 1977-
|2 kevkjb
|9 447914
|
| 610 |
1 |
7 |
|a Gymnázium sv. Edity Steinovej (Košice, Slovensko)
|2 kevkjb
|9 1110654
|
| 648 |
|
7 |
|a 2018
|2 kevkjb
|9 351415
|
| 650 |
0 |
7 |
|a Učiteľ Slovenska (súťaž)
|2 kevkjb
|9 1185323
|
| 650 |
0 |
7 |
|a osobnosti
|2 kevkjb
|9 29820
|
| 651 |
|
7 |
|a Košice (Slovensko)
|2 kevkjb
|9 18694
|
| 700 |
1 |
|
|a Tkáčová, Zuzana,
|d 1977-
|4 ive
|9 447914
|
| 773 |
0 |
|
|t Korzár
|g Roč. XXII., č. 24 (29.1.2019)
|x 2585-7355
|
| 773 |
0 |
8 |
|i Príloha:
|t Vysoké školy
|g S. 6
|
| 852 |
|
|
|a KEVKJB
|b KIS3GCP
|
| 958 |
|
|
|a BX
|
| 999 |
|
|
|c 2052232
|d 2054162
|